| 000 | 00388nam a22001577a 4500 | ||
|---|---|---|---|
| 005 | 20260227113834.0 | ||
| 008 | 260227b |||||||| |||| 00| 0 eng d | ||
| 041 | _aeng | ||
| 082 | _a509.954 SEN.S | ||
| 100 |
_aSEN,S.N &BAG,A.K _98871 |
||
| 245 | _aTHE SULBASUTRAS | ||
| 260 |
_aNEW DELHI _bINDIAN NATIONAL SCIENCE ACADEMY _c1983 |
||
| 300 | _a293;P | ||
| 650 |
_aBGP _98859 |
||
| 942 | _cBK | ||
| 999 |
_c9046 _d9044 |
||